000
00211nam a2200085Ia 4500
008
170617s9999 xx 000 0 und d
100
_a
Subrahmanyam- CVS
245
0
_a
Pharmaceutical Engineering
260
_b
Vallabh Prakashan
260
_c
2009
999
_c
15407
_d
15407